Makroekonomický vývoj slovenskej ekonomiky v transformačnej dekáde

Na minha lista:
Detalhes bibliográficos
Autor principal: Holková, Vieroslava
Outros Autores: Veselková, Alexandra
Formato: Capítulo de Livro
Idioma:eslovaco
Tags: Adicionar Tag
Sem tags, seja o primeiro a adicionar uma tag!

MARC

LEADER 00000naa$a2200000$$$4500
001 0062913
005 20240502071721.2
041 0 |a slo 
044 |a SK 
245 1 0 |a Makroekonomický vývoj slovenskej ekonomiky v transformačnej dekáde  |c Vieroslava Holková, Alexandra Veselková 
100 1 |a Holková, Vieroslava 
700 1 |a Veselková, Alexandra